000
00341nam a2200145Ia 4500
008
191201s2011 xx 000 0 und d
082
_a
519.5
_b
GUS
100
_a
GUPTA, S.P
245
0
_a
Statistical Methods
250
_a
REV.41st
260
_a
New Delhi
_b
Sultan Chand
_c
2011
300
_a
1425
650
_a
M.Tech (ECE)
942
_2
ddc
_c
BK
999
_c
5058
_d
5058